[Event "Snekkersten"]
[Site "Snekkersten"]
[Date "1979.??.??"]
[Round "2"]
[White "Andersen, Dan"]
[Black "Schultz Pedersen, Jesper"]
[Result "1-0"]
[WhiteElo "2200"]
[BlackElo "2200"]
[PlyCount "81"]
[EventDate "1979.??.??"]
[EventType "tourn"]
[EventRounds "7"]
[EventCountry "DEN"]
[Source "ChessBase"]
[SourceDate "1999.07.01"]

1. c4 Nf6 2. Nc3 e6 3. e4 c5 4. Nf3 d6 5. d4 cxd4 6. Nxd4 Be7 7. Be2 O-O 8. O-O
Nbd7 9. Kh1 Qc7 10. Be3 Rd8 11. Rc1 b6 12. b3 Bb7 13. f3 Rac8 14. Bg5 Qb8 15.
Bd3 d5 16. exd5 Nc5 17. f4 h6 18. Bb1 hxg5 19. fxg5 Qe5 20. Nf3 Qe3 21. gxf6
Bxf6 22. Re1 Qf4 23. Qc2 g6 24. b4 exd5 25. Ne2 Qg4 26. h3 Qh5 27. Ng3 Qh6 28.
bxc5 dxc4 29. Ne4 Bg7 30. Qf2 Bxe4 31. Bxe4 Rxc5 32. Bc2 Rcd5 33. a4 Qf4 34.
Qe2 c3 35. Rf1 Qc7 36. Rfd1 Bh6 37. Rxd5 Rxd5 38. Rd1 Rc5 39. Qe8+ Kg7 40. Rd8
Kf6 41. Rd7 1-0

[Event "Snekkersten"]
[Site "Snekkersten"]
[Date "1979.??.??"]
[Round "7"]
[White "Andersen, Dan"]
[Black "Brinck Claussen, Bjorn"]
[Result "0-1"]
[WhiteElo "2200"]
[BlackElo "2375"]
[PlyCount "136"]
[EventDate "1979.??.??"]
[EventType "tourn"]
[EventRounds "7"]
[EventCountry "DEN"]
[Source "ChessBase"]
[SourceDate "1999.07.01"]

1. c4 e5 2. Nc3 Nc6 3. Nf3 f5 4. d4 e4 5. Nd2 Nf6 6. e3 d6 7. b4 g6 8. Be2 Bg7
9. O-O O-O 10. b5 Ne7 11. a4 g5 12. f3 exf3 13. Nxf3 h6 14. Bd3 Qe8 15. Ra2 Qh5
16. Ne2 Bd7 17. Ng3 Qg6 18. Raf2 h5 19. Ne1 Ng4 20. Rf3 h4 21. h3 hxg3 22. hxg4
Qh6 23. Rxg3 fxg4 24. Rxg4 Qh5 25. Rxf8+ Rxf8 26. Be2 Qf7 27. Rg3 Qf2+ 28. Kh2
Rf6 29. e4 Rh6+ 30. Bh5 Bxd4 31. Rxg5+ Kh8 32. Nf3 Bf6 33. Qg1 Qxg1+ 34. Kxg1
Bxg5 35. Bxg5 Rxh5 36. Bxe7 Rc5 37. Nd2 Kg8 38. Bf6 a6 39. Bd4 Rg5 40. Bf6 Rg6
41. Bd8 Bh3 42. Kf2 Rxg2+ 43. Ke3 c5 44. Be7 Rg3+ 45. Kf2 Rg6 46. e5 dxe5 47.
Bxc5 Bg2 48. Be3 Kf7 49. Ke2 Ke6 50. Kd3 Bh3 51. Kc3 Rg3 52. Kd3 Bf5+ 53. Ke2
Bg4+ 54. Kf2 Rh3 55. Nf1 Rf3+ 56. Ke2 Rf4+ 57. Ke1 Rxc4 58. bxa6 bxa6 59. a5
Ra4 60. Bb6 Kf5 61. Ne3+ Kf4 62. Kd2 Ra2+ 63. Kd3 Ra3+ 64. Kd2 e4 65. Nd1 Rd3+
66. Ke1 Kf3 67. Nf2 Ra3 68. Nd1 Ra2 0-1

[Event "Snekkersten"]
[Site "Snekkersten"]
[Date "1979.??.??"]
[Round "4"]
[White "Brinck Claussen, Bjorn"]
[Black "Granberg, Niels"]
[Result "0-1"]
[WhiteElo "2375"]
[BlackElo "2200"]
[PlyCount "72"]
[EventDate "1979.??.??"]
[EventType "tourn"]
[EventRounds "7"]
[EventCountry "DEN"]
[Source "ChessBase"]
[SourceDate "1999.07.01"]

1. d4 Nf6 2. c4 e6 3. Nc3 Bb4 4. Qc2 c5 5. dxc5 O-O 6. a3 Bxc5 7. Nf3 Nc6 8.
Bf4 d5 9. e3 Qa5 10. Rd1 Ne4 11. cxd5 Nxc3 12. bxc3 exd5 13. Bd3 h6 14. O-O Be6
15. Rb1 Qd8 16. Rxb7 Bb6 17. Ne5 Na5 18. Bh7+ Kh8 19. Ng6+ fxg6 20. Rxg7 Bf5
21. Be5 Nc6 22. Bxg6 Nxe5 23. Rh7+ Kg8 24. Bxf5 Qf6 25. e4 Qg5 26. Rb7 Ng6 27.
Be6+ Kh8 28. exd5 Rf6 29. c4 Bd4 30. Qd3 Qxg2+ 31. Kxg2 Nf4+ 32. Kg3 Nxd3 33.
f3 Be5+ 34. Kh3 Nf4+ 35. Kg4 Nxe6 36. dxe6 Rg8+ 0-1

[Event "Snekkersten"]
[Site "Snekkersten"]
[Date "1979.??.??"]
[Round "1"]
[White "Brinck Claussen, Bjorn"]
[Black "Christensen, Stefan"]
[Result "1-0"]
[WhiteElo "2375"]
[BlackElo "2200"]
[PlyCount "51"]
[EventDate "1979.??.??"]
[EventType "tourn"]
[EventRounds "7"]
[EventCountry "DEN"]
[Source "ChessBase"]
[SourceDate "1999.07.01"]

1. d4 Nf6 2. c4 e6 3. Nc3 Bb4 4. e3 b6 5. Nge2 Ba6 6. Ng3 O-O 7. e4 Bxc3+ 8.
bxc3 Nc6 9. e5 Ne8 10. Bd3 f5 11. exf6 Nxf6 12. O-O e5 13. d5 Na5 14. Qe2 d6
15. Ne4 Qd7 16. Bg5 Nxe4 17. Qxe4 g6 18. Qh4 Qa4 19. Rae1 Qxa2 20. Re4 Rf7 21.
Bh6 Re8 22. Rg4 e4 23. Rxe4 Qa4 24. Rfe1 Rb8 25. Re7 Rxe7 26. Qxe7 1-0

[Event "Snekkersten"]
[Site "Snekkersten"]
[Date "1979.??.??"]
[Round "6"]
[White "Christensen, Stefan"]
[Black "Andersen, Dan"]
[Result "1/2-1/2"]
[WhiteElo "2200"]
[BlackElo "2200"]
[PlyCount "138"]
[EventDate "1979.??.??"]
[EventType "tourn"]
[EventRounds "7"]
[EventCountry "DEN"]
[Source "ChessBase"]
[SourceDate "1999.07.01"]

1. e4 e5 2. Nf3 Nf6 3. Nxe5 d6 4. Nf3 Nxe4 5. d4 d5 6. Bd3 Bd6 7. O-O O-O 8.
Re1 Nf6 9. Nbd2 Nc6 10. c4 dxc4 11. Nxc4 Bb4 12. Bd2 Bxd2 13. Qxd2 Bg4 14. Nce5
Bxf3 15. Nxf3 Qd6 16. Rad1 Rad8 17. h3 Rfe8 18. Rxe8+ Rxe8 19. a3 Rd8 20. Bc4
Nd5 21. Qc2 Nce7 22. Ba2 c6 23. Bb1 Nf6 24. Qb3 Qc7 25. Ne5 Ned5 26. Qf3 Rd6
27. g4 Ne8 28. Re1 Qe7 29. Kf1 Qf8 30. g5 Re6 31. Bf5 Re7 32. Kg2 Nec7 33. Re4
Ne6 34. Bxe6 Rxe6 35. Qf5 Ne7 36. Qf3 Qe8 37. Ng4 Ng6 38. Rxe6 Qxe6 39. Qe3
Nh4+ 40. Kf1 Nf5 41. Qe5 Qxe5 42. dxe5 Kf8 43. Ke2 Ke7 44. Kd3 Ke6 45. Ke4 c5
46. f4 b5 47. Nf2 c4 48. Nd1 a6 49. Nc3 g6 50. Nd5 Kd7 51. Nf6+ Kc6 52. Nxh7 a5
53. Nf8 b4 54. axb4 axb4 55. e6 fxe6 56. Nxe6 Kd6 57. Nd4 Ng3+ 58. Ke3 Kd5 59.
Nc2 Nf5+ 60. Kd2 b3 61. Na3 Kd4 62. Nb5+ Kd5 63. Nc3+ Kc5 64. Ke2 Kd4 65. Kd2
Ng3 66. Nb5+ Kc5 67. Nc3 Kd4 68. Nb5+ Ke4 69. Kc3 Kd5 1/2-1/2

[Event "Snekkersten"]
[Site "Snekkersten"]
[Date "1979.??.??"]
[Round "4"]
[White "Christensen, Stefan"]
[Black "Norregaard, Christoffer"]
[Result "1-0"]
[WhiteElo "2200"]
[BlackElo "2200"]
[PlyCount "51"]
[EventDate "1979.??.??"]
[EventType "tourn"]
[EventRounds "7"]
[EventCountry "DEN"]
[Source "ChessBase"]
[SourceDate "1999.07.01"]

1. e4 e5 2. Nf3 Nc6 3. Bb5 Bc5 4. c3 f5 5. d4 fxe4 6. Bxc6 dxc6 7. Nfd2 Bd6 8.
dxe5 e3 9. exd6 exd2+ 10. Nxd2 cxd6 11. Ne4 Qe7 12. O-O d5 13. Bg5 Qe5 14. f4
Qc7 15. Ng3 h6 16. Bh4 g6 17. Qe2+ Kf8 18. Rae1 Qf7 19. Qe5 Rh7 20. f5 g5 21.
f6 Qd7 22. Qe7+ Nxe7 23. fxe7+ Kg7 24. e8=N+ Qxe8 25. Rxe8 gxh4 26. Nh5+ 1-0

[Event "Snekkersten"]
[Site "Snekkersten"]
[Date "1979.??.??"]
[Round "5"]
[White "Granberg, Niels"]
[Black "Nilsson, Nils Specht"]
[Result "1/2-1/2"]
[WhiteElo "2200"]
[BlackElo "2200"]
[PlyCount "56"]
[EventDate "1979.??.??"]
[EventType "tourn"]
[EventRounds "7"]
[EventCountry "DEN"]
[Source "ChessBase"]
[SourceDate "1999.07.01"]

1. d4 c5 2. Nf3 cxd4 3. Nxd4 Nc6 4. c4 Nf6 5. Nc3 e5 6. Ndb5 a6 7. Nd6+ Bxd6 8.
Qxd6 Qe7 9. Qxe7+ Nxe7 10. Bg5 O-O 11. g3 Rd8 12. Bg2 Rb8 13. O-O-O Kf8 14.
Bxf6 gxf6 15. Ne4 b5 16. cxb5 Rxb5 17. Nxf6 d5 18. e4 d4 19. Nxh7+ Kg7 20. Ng5
f6 21. Nf3 Be6 22. Kb1 Nc6 23. Rc1 Nb4 24. Rc7+ Kg8 25. a3 Nd3 26. Rc2 Rdb8 27.
b4 Rxb4+ 28. axb4 Rxb4+ 1/2-1/2

[Event "Snekkersten"]
[Site "Snekkersten"]
[Date "1979.??.??"]
[Round "7"]
[White "Granberg, Niels"]
[Black "Christensen, Stefan"]
[Result "0-1"]
[WhiteElo "2200"]
[BlackElo "2200"]
[PlyCount "72"]
[EventDate "1979.??.??"]
[EventType "tourn"]
[EventRounds "7"]
[EventCountry "DEN"]
[Source "ChessBase"]
[SourceDate "1999.07.01"]

1. d4 Nf6 2. Nf3 e6 3. g3 b6 4. Bg2 Bb7 5. O-O Be7 6. b3 O-O 7. Bb2 d5 8. c4 c5
9. cxd5 exd5 10. Nc3 Nc6 11. Rc1 Rc8 12. Bh3 Rb8 13. Na4 c4 14. Ne5 b5 15. Nc5
Nxe5 16. dxe5 Bxc5 17. exf6 d4 18. fxg7 Re8 19. Bg2 Bxg2 20. Kxg2 c3 21. Kg1
Qe7 22. Bxc3 dxc3 23. Rxc3 Rbd8 24. Qc2 Bd4 25. Rc7 Qxe2 26. Qf5 Qe6 27. Qxb5
Bb6 28. Rc4 Rd5 29. Qb4 Rf5 30. Rg4 Bc5 31. Qa4 Rxf2 32. Rxf2 Qe1+ 33. Kg2
Qxf2+ 34. Kh3 Qf1+ 35. Kh4 Be7+ 36. Kh5 Qh3+ 0-1

[Event "Snekkersten"]
[Site "Snekkersten"]
[Date "1979.??.??"]
[Round "3"]
[White "Granberg, Niels"]
[Black "Andersen, Dan"]
[Result "1-0"]
[WhiteElo "2200"]
[BlackElo "2200"]
[PlyCount "143"]
[EventDate "1979.??.??"]
[EventType "tourn"]
[EventRounds "7"]
[EventCountry "DEN"]
[Source "ChessBase"]
[SourceDate "1999.07.01"]

1. Nf3 e6 2. d4 f5 3. g3 Nf6 4. Bg2 Be7 5. c4 O-O 6. Nc3 d5 7. cxd5 exd5 8. O-O
c6 9. Bg5 Na6 10. Ne5 Nc7 11. e3 Nce8 12. Qb3 Qb6 13. Qc2 Bd6 14. Na4 Qc7 15.
Bxf6 Nxf6 16. Nd3 Qe7 17. a3 Ng4 18. Qb3 Qf6 19. h3 Nh6 20. Rac1 Nf7 21. Nac5
Rb8 22. Qa4 a6 23. Qc2 Ng5 24. b4 f4 25. exf4 Nxh3+ 26. Bxh3 Bxh3 27. Ne5 Qh6
28. Rfe1 Bf5 29. Qd2 Rfe8 30. Rc3 Re7 31. Rce3 Rbe8 32. f3 g5 33. Qh2 Qxh2+ 34.
Kxh2 gxf4 35. gxf4 Rf8 36. Rg1+ Kh8 37. Rg5 Bc8 38. Kg3 Rg7 39. Re1 Rfg8 40.
Kf2 Be7 41. Rh5 Rg2+ 42. Ke3 R8g7 43. Reh1 Kg8 44. R1h2 Rxh2 45. Rxh2 Rg1 46.
f5 Rg5 47. Ne6 Rxf5 48. Rg2+ Kh8 49. Rg7 Bh4 50. Nf7+ Rxf7 51. Rxf7 Bxe6 52.
Rxb7 Bh3 53. Rc7 Bg3 54. Rxc6 Bf1 55. f4 Bc4 56. f5 Kg7 57. a4 Bh2 58. Kf2 Bf4
59. b5 axb5 60. a5 b4 61. a6 Bxa6 62. Rxa6 Bd2 63. Rd6 Bf4 64. Rxd5 Kf6 65. Kf3
Bd2 66. Ke4 h5 67. Rd6+ Ke7 68. Re6+ Kf7 69. d5 h4 70. Kf3 b3 71. Rb6 Be1 72.
Rxb3 1-0

[Event "Snekkersten"]
[Site "Snekkersten"]
[Date "1979.??.??"]
[Round "5"]
[White "Larsen, Ole Bogh"]
[Black "Brinck Claussen, Bjorn"]
[Result "0-1"]
[WhiteElo "2200"]
[BlackElo "2375"]
[PlyCount "60"]
[EventDate "1979.??.??"]
[EventType "tourn"]
[EventRounds "7"]
[EventCountry "DEN"]
[Source "ChessBase"]
[SourceDate "1999.07.01"]

1. e4 e5 2. Nc3 Nf6 3. Bc4 Nc6 4. d3 Na5 5. Nge2 Nxc4 6. dxc4 d6 7. Ng3 Be6 8.
b3 c6 9. Bb2 g6 10. Qe2 h5 11. O-O-O Qc7 12. Nf1 a6 13. a4 Bh6+ 14. Kb1 O-O 15.
Ne3 Rfd8 16. h3 b5 17. cxb5 axb5 18. axb5 cxb5 19. Qxb5 Qa7 20. Rhe1 Rdc8 21.
Qb4 Rc6 22. Nb5 Qa2+ 23. Kc1 Qxb3 24. Qxb3 Bxb3 25. Nc3 Bc4 26. Kb1 Rb8 27.
Nxc4 Rxc4 28. Rxd6 Rcb4 29. Rxf6 Rxb2+ 30. Ka1 Bd2 0-1

[Event "Snekkersten"]
[Site "Snekkersten"]
[Date "1979.??.??"]
[Round "3"]
[White "Larsen, Ole Bogh"]
[Black "Norregaard, Christoffer"]
[Result "1-0"]
[WhiteElo "2200"]
[BlackElo "2200"]
[PlyCount "83"]
[EventDate "1979.??.??"]
[EventType "tourn"]
[EventRounds "7"]
[EventCountry "DEN"]
[Source "ChessBase"]
[SourceDate "1999.07.01"]

1. d4 Nf6 2. c4 c5 3. e3 g6 4. Nc3 Bg7 5. Nf3 O-O 6. Be2 Na6 7. O-O d6 8. Re1
Bf5 9. Bf1 Ne4 10. Nxe4 Bxe4 11. Ng5 Bf5 12. e4 Bd7 13. d5 Nc7 14. f4 b5 15. e5
bxc4 16. Bxc4 Rb8 17. e6 fxe6 18. dxe6 Be8 19. Nf7 Bxf7 20. exf7+ Kh8 21. f5
gxf5 22. Bg5 Rxb2 23. Bxe7 Qa8 24. Qf3 Qxf3 25. gxf3 d5 26. Bxf8 Bxf8 27. Bd3
c4 28. Bxf5 d4 29. Rab1 Rxb1 30. Rxb1 Kg7 31. Rb7 Nd5 32. Be6 Ne3 33. Kf2 c3
34. Rc7 Nd1+ 35. Ke2 Nb2 36. Bf5 Bd6 37. Rxa7 Bxh2 38. Bxh7 Bd6 39. Bd3 Kf8 40.
a4 Bc5 41. Rc7 Nxa4 42. Bc2 1-0

[Event "Snekkersten"]
[Site "Snekkersten"]
[Date "1979.??.??"]
[Round "7"]
[White "Larsen, Ole Bogh"]
[Black "Schultz Pedersen, Jesper"]
[Result "1-0"]
[WhiteElo "2200"]
[BlackElo "2200"]
[PlyCount "59"]
[EventDate "1979.??.??"]
[EventType "tourn"]
[EventRounds "7"]
[EventCountry "DEN"]
[Source "ChessBase"]
[SourceDate "1999.07.01"]

1. a3 g6 2. g3 f5 3. Bg2 Bg7 4. c4 Na6 5. Nc3 d6 6. e3 Nf6 7. b4 O-O 8. Nge2 c6
9. Bb2 e5 10. d3 Nc7 11. O-O g5 12. f4 Ng4 13. Qd2 Ne6 14. h3 Nf6 15. d4 exf4
16. exf4 gxf4 17. d5 Ne4 18. Nxe4 fxe4 19. dxe6 Bxb2 20. Qxb2 f3 21. Nf4 fxg2
22. Qxg2 d5 23. Rad1 a5 24. cxd5 axb4 25. Qxe4 Qb6+ 26. Kh1 cxd5 27. Nxd5 Rxf1+
28. Rxf1 Qxe6 29. Ne7+ Kg7 30. Qd4+ 1-0

[Event "Snekkersten"]
[Site "Snekkersten"]
[Date "1979.??.??"]
[Round "6"]
[White "Nilsson, Nils Specht"]
[Black "Larsen, Ole Bogh"]
[Result "1-0"]
[WhiteElo "2200"]
[BlackElo "2200"]
[PlyCount "63"]
[EventDate "1979.??.??"]
[EventType "tourn"]
[EventRounds "7"]
[EventCountry "DEN"]
[Source "ChessBase"]
[SourceDate "1999.07.01"]

1. e4 c5 2. b3 Nc6 3. Bb2 d6 4. g3 Nf6 5. Bg2 g6 6. d3 Bg7 7. Nd2 Rb8 8. a4 a6
9. Ne2 b5 10. axb5 axb5 11. O-O O-O 12. h3 e5 13. f4 Nh5 14. f5 Bh6 15. Bc1 f6
16. Nf3 Bxc1 17. Qxc1 g5 18. h4 h6 19. Kf2 Qb6 20. Rh1 c4+ 21. Kf1 cxd3 22.
cxd3 Ng7 23. hxg5 hxg5 24. g4 Na5 25. Qa3 Ra8 26. b4 Nc4 27. Qxa8 Ne3+ 28. Kg1
Nc2+ 29. d4 exd4 30. Qa7 Qc6 31. Nfxd4 Qc4 32. Rc1 1-0

[Event "Snekkersten"]
[Site "Snekkersten"]
[Date "1979.??.??"]
[Round "3"]
[White "Nilsson, Nils Specht"]
[Black "Christensen, Stefan"]
[Result "1/2-1/2"]
[WhiteElo "2200"]
[BlackElo "2200"]
[PlyCount "82"]
[EventDate "1979.??.??"]
[EventType "tourn"]
[EventRounds "7"]
[EventCountry "DEN"]
[Source "ChessBase"]
[SourceDate "1999.07.01"]

1. e4 e6 2. d4 d5 3. Nc3 Bb4 4. e5 c5 5. a3 Bxc3+ 6. bxc3 Qc7 7. Nf3 Ne7 8. a4
h6 9. Bd3 b6 10. O-O Ba6 11. Bxa6 Nxa6 12. Qe2 Nb8 13. a5 bxa5 14. Qb5+ Nd7 15.
Qxa5 Qxa5 16. Rxa5 O-O 17. dxc5 Nc6 18. Ra6 Ncxe5 19. Nxe5 Nxe5 20. Bf4 Nc4 21.
Bd6 Nxd6 22. cxd6 Rfd8 23. Rfa1 Rac8 24. Rxa7 Rxd6 25. Re7 Rdc6 26. Raa7 Rf8
27. Ra3 Kh7 28. Kf1 Kg6 29. Ke2 Kf6 30. Rd7 g5 31. Kd3 h5 32. Raa7 Rc4 33. h3
Rf4 34. f3 g4 35. hxg4 hxg4 36. Ke3 Rc4 37. Rdc7 Rxc7 38. Rxc7 gxf3 39. gxf3
Ra8 40. Kd3 Ra3 41. Rb7 Ra8 1/2-1/2

[Event "Snekkersten"]
[Site "Snekkersten"]
[Date "1979.??.??"]
[Round "4"]
[White "Nilsson, Nils Specht"]
[Black "Schultz Pedersen, Jesper"]
[Result "1/2-1/2"]
[WhiteElo "2200"]
[BlackElo "2200"]
[PlyCount "79"]
[EventDate "1979.??.??"]
[EventType "tourn"]
[EventRounds "7"]
[EventCountry "DEN"]
[Source "ChessBase"]
[SourceDate "1999.07.01"]

1. e4 e5 2. f4 exf4 3. Nf3 d6 4. Bc4 h6 5. O-O g5 6. d4 Ne7 7. g3 Ng6 8. Ne1
Nc6 9. Ng2 Qf6 10. c3 Bh3 11. Qh5 Bxg2 12. Kxg2 O-O-O 13. gxf4 gxf4 14. Qg4+
Kb8 15. Bxf4 Rg8 16. Bg3 Qe7 17. Kh1 h5 18. Qxh5 Qxe4+ 19. Qf3 Qxf3+ 20. Rxf3
d5 21. Bd3 Rg7 22. Nd2 Bd6 23. Raf1 Bxg3 24. Rxg3 Rh8 25. Nf3 Nd8 26. Rf2 Ne6
27. Bxg6 fxg6 28. Ne5 g5 29. Rf6 Re8 30. Nf3 c6 31. Kg1 Kc8 32. Kf1 Kd8 33. Rf5
Reg8 34. Ne5 Ke7 35. Re3 Kd6 36. Rf6 Rf8 37. Rxf8 Nxf8 38. Rf3 Nd7 39. Rf5 Nxe5
40. Rxe5 1/2-1/2

[Event "Snekkersten"]
[Site "Snekkersten"]
[Date "1979.??.??"]
[Round "5"]
[White "Norregaard, Christoffer"]
[Black "Andersen, Dan"]
[Result "0-1"]
[WhiteElo "2200"]
[BlackElo "2200"]
[PlyCount "80"]
[EventDate "1979.??.??"]
[EventType "tourn"]
[EventRounds "7"]
[EventCountry "DEN"]
[Source "ChessBase"]
[SourceDate "1999.07.01"]

1. c4 Nf6 2. g3 e5 3. Bg2 g6 4. Nf3 Nc6 5. Nc3 Bg7 6. Rb1 O-O 7. b4 d6 8. b5
Ne7 9. d3 Bg4 10. h3 Bd7 11. O-O h6 12. c5 g5 13. Ba3 Be6 14. Qc2 Qd7 15. Kh2
g4 16. hxg4 Nxg4+ 17. Kg1 f5 18. cxd6 cxd6 19. Qd2 Rac8 20. d4 e4 21. Nh2 Nf6
22. Rfc1 Rf7 23. Nf1 d5 24. Na4 b6 25. Rxc8+ Nxc8 26. Qf4 Ne8 27. e3 Ncd6 28.
Nc3 Kh7 29. Nd2 Bf6 30. Bf1 Rg7 31. Be2 Qd8 32. Bh5 Nf7 33. Bxf7 Rxf7 34. Kg2
Rg7 35. Rh1 Rg6 36. Bf8 Bg5 37. Qe5 Qd7 38. a4 Qf7 39. Bb4 f4 40. Nd1 fxe3 0-1

[Event "Snekkersten"]
[Site "Snekkersten"]
[Date "1979.??.??"]
[Round "7"]
[White "Norregaard, Christoffer"]
[Black "Nilsson, Nils Specht"]
[Result "0-1"]
[WhiteElo "2200"]
[BlackElo "2200"]
[PlyCount "80"]
[EventDate "1979.??.??"]
[EventType "tourn"]
[EventRounds "7"]
[EventCountry "DEN"]
[Source "ChessBase"]
[SourceDate "1999.07.01"]

1. c4 e5 2. Nc3 Nf6 3. g3 d5 4. cxd5 Nxd5 5. Bg2 Be6 6. Nf3 Nc6 7. d3 Be7 8.
O-O O-O 9. a3 a5 10. Bd2 Nb6 11. Na4 Nxa4 12. Qxa4 Bd5 13. Rac1 Bd6 14. e4 Be6
15. Be3 Bd7 16. Qc2 a4 17. d4 exd4 18. Nxd4 Nxd4 19. Bxd4 c5 20. Bxc5 Rc8 21.
Bxd6 Rxc2 22. Rxc2 Re8 23. e5 b5 24. Rc7 h5 25. Rfc1 h4 26. Rb7 hxg3 27. hxg3
Qg5 28. Rcc7 Be6 29. Rxb5 Qd2 30. Bc6 Rd8 31. Rb4 g5 32. Bf3 Bh3 33. Rc3 f5 34.
Re3 Qc1+ 35. Kh2 Qf1 36. Bd5+ Kg7 37. Rb7+ Kg6 38. Bf7+ Kh6 39. Bd5 Qxf2+ 40.
Kxh3 g4+ 0-1

[Event "Snekkersten"]
[Site "Snekkersten"]
[Date "1979.??.??"]
[Round "2"]
[White "Norregaard, Christoffer"]
[Black "Granberg, Niels"]
[Result "0-1"]
[WhiteElo "2200"]
[BlackElo "2200"]
[PlyCount "50"]
[EventDate "1979.??.??"]
[EventType "tourn"]
[EventRounds "7"]
[EventCountry "DEN"]
[Source "ChessBase"]
[SourceDate "1999.07.01"]

1. e4 e5 2. Nc3 Nf6 3. f4 d5 4. fxe5 Nxe4 5. d3 Nxc3 6. bxc3 d4 7. Nf3 dxc3 8.
Be2 Be7 9. O-O c5 10. Qe1 O-O 11. Qxc3 Nc6 12. Be3 Qd5 13. Rf2 f6 14. d4 Be6
15. dxc5 fxe5 16. Rb1 e4 17. Nd2 Rxf2 18. Bxf2 Bf6 19. Qe3 Bd4 20. Qxe4 Bxf2+
21. Kxf2 Qxc5+ 22. Ke1 Nd4 23. Nf3 Nxc2+ 24. Kd2 Rd8+ 25. Kc1 Nd4+ 0-1

[Event "Snekkersten"]
[Site "Snekkersten"]
[Date "1979.??.??"]
[Round "3"]
[White "Schultz Pedersen, Jesper"]
[Black "Brinck Claussen, Bjorn"]
[Result "0-1"]
[WhiteElo "2200"]
[BlackElo "2375"]
[PlyCount "84"]
[EventDate "1979.??.??"]
[EventType "tourn"]
[EventRounds "7"]
[EventCountry "DEN"]
[Source "ChessBase"]
[SourceDate "1999.07.01"]

1. e4 e5 2. d4 exd4 3. Qxd4 Nc6 4. Qa4 d6 5. Nc3 Bd7 6. Bb5 a6 7. Bxc6 Bxc6 8.
Qc4 Nf6 9. Bg5 Be7 10. Bxf6 Bxf6 11. O-O-O Bxc3 12. Qxc3 Qg5+ 13. Kb1 O-O-O 14.
Qh3+ Kb8 15. Nf3 Qc5 16. Qh4 Rde8 17. Rhe1 f5 18. exf5 Bxf3 19. gxf3 Qxf5 20.
Qg4 g6 21. Qxf5 gxf5 22. Kc1 Kc8 23. Rxe8+ Rxe8 24. Rd5 Rf8 25. Kd2 Kd7 26. Ke3
Ke6 27. Rd4 Kf6 28. Rc4 Re8+ 29. Kd3 Re7 30. a4 a5 31. c3 c5 32. b4 b6 33. bxa5
bxa5 34. Rh4 Kg5 35. Rh3 f4 36. Kc4 h5 37. Kd5 Rd7 38. c4 Rd8 39. Ke4 Rb8 40.
Kd5 Rb4 41. Kxd6 Rxc4 42. Kd5 Rc1 0-1

[Event "Snekkersten"]
[Site "Snekkersten"]
[Date "1979.??.??"]
[Round "1"]
[White "Schultz Pedersen, Jesper"]
[Black "Norregaard, Christoffer"]
[Result "0-1"]
[WhiteElo "2200"]
[BlackElo "2200"]
[PlyCount "70"]
[EventDate "1979.??.??"]
[EventType "tourn"]
[EventRounds "7"]
[EventCountry "DEN"]
[Source "ChessBase"]
[SourceDate "1999.07.01"]

1. e4 c5 2. Bc4 e6 3. d4 cxd4 4. Nf3 Nc6 5. O-O Nf6 6. Re1 d6 7. Nxd4 Qb6 8.
Nb5 Ne5 9. Be3 Qc6 10. Bd3 Nxd3 11. Qxd3 a6 12. N5c3 b5 13. Bg5 Be7 14. Nd2 h6
15. Bh4 Bb7 16. Nb3 Qc7 17. Nd4 Rc8 18. Bxf6 gxf6 19. a3 Rg8 20. Rad1 Qc5 21.
Qh3 Qg5 22. Re3 Qg4 23. Rg3 Qxh3 24. Rxh3 f5 25. f3 fxe4 26. fxe4 Rg6 27. g3
Bf6 28. Nde2 Be5 29. Kf2 Ke7 30. Ke3 a5 31. Rd2 b4 32. axb4 axb4 33. Nb5 Rg4
34. Nf4 Rc4 35. Nd4 Rxd4 0-1

[Event "Snekkersten"]
[Site "Snekkersten"]
[Date "1979.??.??"]
[Round "5"]
[White "Schultz Pedersen, Jesper"]
[Black "Christensen, Stefan"]
[Result "0-1"]
[WhiteElo "2200"]
[BlackElo "2200"]
[PlyCount "78"]
[EventDate "1979.??.??"]
[EventType "tourn"]
[EventRounds "7"]
[EventCountry "DEN"]
[Source "ChessBase"]
[SourceDate "1999.07.01"]

1. e4 e6 2. d4 d5 3. e5 c5 4. Qg4 cxd4 5. Nf3 f5 6. Qg3 Ne7 7. Bd3 Nec6 8. Nbd2
Nd7 9. Nb3 Qc7 10. Bf4 Nc5 11. Nxc5 Bxc5 12. a3 a5 13. b3 Qe7 14. Bc1 b6 15.
Bb5 Bd7 16. Bd3 Na7 17. O-O Bb5 18. b4 Bxd3 19. cxd3 axb4 20. axb4 Bxb4 21.
Nxd4 O-O 22. Nc2 Nc6 23. Bg5 Qf7 24. Nxb4 Nxb4 25. Rab1 f4 26. Qh3 Ra4 27. d4
h6 28. Bxf4 Qxf4 29. Qxe6+ Kh7 30. Qd7 Ra2 31. Qd6 Nd3 32. Qxd5 Rxf2 33. Rfd1
Rf1+ 34. Rxf1 Qe3+ 35. Kh1 Rxf1+ 36. Rxf1 Nf2+ 37. Kg1 Nh3+ 38. Kh1 Qg1+ 39.
Rxg1 Nf2# 0-1

[Event "Snekkersten"]
[Site "Snekkersten"]
[Date "1979.??.??"]
[Round "6"]
[White "Schultz Pedersen, Jesper"]
[Black "Granberg, Niels"]
[Result "1-0"]
[WhiteElo "2200"]
[BlackElo "2200"]
[PlyCount "81"]
[EventDate "1979.??.??"]
[EventType "tourn"]
[EventRounds "7"]
[EventCountry "DEN"]
[Source "ChessBase"]
[SourceDate "1999.07.01"]

1. a3 e5 2. Nc3 d5 3. d4 e4 4. Bf4 Nf6 5. e3 Bd6 6. Bxd6 Qxd6 7. Qd2 c6 8. Na4
O-O 9. Ne2 Na6 10. b3 Ng4 11. Nf4 b5 12. Nb2 Rb8 13. h3 Qh6 14. a4 g5 15. Ne2
f5 16. Ng3 Nf6 17. axb5 f4 18. exf4 gxf4 19. bxa6 e3 20. fxe3 fxg3 21. Bd3 Ng4
22. Rf1 Nf2 23. Nd1 Bd7 24. Nxf2 gxf2+ 25. Kd1 Rbe8 26. Kc1 Qxe3 27. Qxe3 Rxe3
28. g4 Rxh3 29. Bf5 Bxf5 30. gxf5 Rxf5 31. Ra4 Rg3 32. Kd2 Rg1 33. Ke2 Rxf1 34.
Kxf1 h5 35. Rb4 h4 36. Rb8+ Kg7 37. Rb7+ Rf7 38. c4 h3 39. Rxf7+ Kxf7 40. Kxf2
Kf6 41. cxd5 1-0